00813nam a2200181 a 450000100100000000500170001000800410002704000250006808200150009310000390010824500590014726000510020630000300025759000760028750400650036395201860042899900170061400003544720200930074341.0111031s1925 sp ab 000 0 spa d aDO-SdBNPbspacBNPHU axxxxbxxxx1 aPereyra, Carlos,d1871-194296128710aHistoria de la América española /cCarlos Pereyra. aMadrid, :bEditorial Saturnino Calleja,c1925. av. :bil., map. ;c22 cm. aPerteneció a la biblioteca personal de Juan Isidro Jimenes Grullón. aIncluye referencias bibliográficas al pie de las páginas 001050718RVaGRbGRcHDd2011-10-31iLF1l0oxxxx xxxxp35447-10r2020-06-25w2020-06-25y1zPerteneció a la biblioteca personal de Juan Isidro Jimenes Grullón.ZNo se presta c34938d34938